Statistics for Wish You Were Gay Billie Eilish

Click here to take the quiz!

General Stats

  • This quiz has been taken 324 times
  • The average score is 191 of 247

Answer Stats

Answer% Correct
i
99%
you
99%
a
96%
feel
94%
do
94%
gay
94%
were
94%
wish
94%
so
93%
just
91%
the
90%
dont
89%
when
89%
is
88%
make
88%
go
88%
say
88%
never
88%
six
88%
ok
87%
way
86%
all
86%
good
86%
kinda
86%
other
85%
wanna
85%
baby
85%
words
85%
five
84%
but
84%
look
84%
not
83%
understood
83%
how
80%
let
79%
tell
77%
away
77%
day
77%
much
76%
cant
76%
ill
75%
stay
75%
didnt
74%
an
74%
four
74%
one
73%
two
72%
to
70%
like
69%
alone
69%
wrong
67%
days
66%
felt
65%
nothings
65%
us
64%
long
64%
there
64%
in
63%
if
63%
crowd
62%
threes
61%
and
61%
laugh
61%
slipped
60%
my
58%
has
58%
12
57%
for
57%
reason
56%
step
53%
at
51%
11
51%
ten
51%
your
50%
im
50%
minutes
49%
seven
48%
sexual
48%
through
47%
nine
47%
pride
44%
our
44%
fingers
44%
of
44%
orientation
44%
me
44%
along
44%
it
43%
am
42%
supposed
42%
blue
42%
times
41%
type
40%
give
40%
lack
39%
made
39%
interest
38%
heys
38%
tearing
37%
explanation
37%
out
37%
selfish
36%
spare
35%
preferred
35%
hair
35%
want
34%
stand
29%
another
29%
helpless
27%
yeah
19%
coversations
2%

Score Distribution

Percentile by Number Answered

Percent of People with Each Score

Your Score History

You have not taken this quiz